000 00803nam a2200265Ia 4500
003 OSt
005 20220918223325.0
006 a|||||r|||| 00| 0
007 ta
008 220917b |||||||| |||| 00| 0 eng d
024 _a221,930
037 _cTextual
040 _aARTS
_cARTS
_beng
041 _2eng
_aeng
082 _aW6:(Q7), P4
100 _aFadl Khaled Abou El
_9145465
245 0 _aIslam and the challenge of democracy
_b A Boston review book
260 _aPrinceton
_bPrinceton Univ. press
_c2004
300 _a139p
_ccm.
650 _aPOLITICAL SCIENCE
700 _a Chasman Deborah Ed.
_9145466
700 _a Cohen Joshua Ed.
_9145467
942 _hW6:(Q7), P4
_cTEXL
_2CC
999 _c278125
_d278125